| 000 | 00412nam a2200121Ia 4500 | ||
|---|---|---|---|
| 008 | 220615s9999||||xx |||||||||||||| ||und|| | ||
| 100 | _aJohn C. Morrison | ||
| 245 | 0 | _aPreterm Birth - Mother and Child | |
| 546 | _aEnglish[eng] | ||
| 650 | _aMedicine||Maternal-Fetal Medicine||Health Sciences||Obstetrics and Gynecology | ||
| 856 | _uhttps://www.intechopen.com/books/preterm-birth-mother-and-child | ||
| 942 | _cEB | ||
| 999 |
_c15368 _d15368 |
||